[Event "NED-ch sf (Women)"]
[Site "Hilversum"]
[Date "2008.02.24"]
[Round "2.3"]
[White "Haast, Anne"]
[Black "Nagel, Yvette"]
[Result "0-1"]
[WhiteElo "2063"]
[BlackElo "1973"]
[PlyCount "116"]
[EventDate "2008.01.05"]
[EventType "k.o."]
[EventRounds "3"]
[EventCountry "NED"]
[SourceTitle "EXT 2010"]
[Source "ChessBase"]
[SourceDate "2010.11.25"]
[SourceVersion "1"]
[SourceVersionDate "2010.11.25"]
[SourceQuality "1"]

1. e4 c5 2. Nf3 e6 3. d4 cxd4 4. Nxd4 Nf6 5. Nc3 Bb4 6. e5 Nd5 7. Bd2 Nxc3 8. bxc3 Be7 9. Qg4 g6 10. h4 Nc6 11. Qg3 d6 12. Bb5 Qc7 13. Bf4 d5 14. 0-0 Bd7 15. Bd3 0-0-0 16. Nb5 Qb8 17. Rab1 h6 18. Nd6+ Bxd6 19. exd6 g5 20. Be5 Nxe5 21. Qxe5 Bc6 22. d7+ Bxd7 23. Qd4 Bc6 24. Qc5 Rd7 25. Ba6 Rc7 26. Qd4 Rg8 27. hxg5 hxg5 28. c4 Rd7 29. cxd5 Rxd5 30. Qc4 Qc7 31. Bxb7+ Bxb7 32. Qa4 Rh8 33. f4 Rd2 34. Rf2 Rxf2 35. Kxf2 Qxf4+ 36. Qxf4 gxf4 37. Rb4 e5 38. Rb5 f6 39. Rc5+ Kd7 40. Rb5 Kc6 41. Rb3 Kc7 42. Rc3+ Kd6 43. Ra3 a6 44. Rb3 Rh7 45. Rb6+ Kc5 46. Rxf6 Rg7 47. g3 Rxg3 48. Rf5 Re3 49. Rf7 Bd5 50. Ra7 Kb6 51. Rg7 Bxa2 52. Rg6+ Kb5 53. Rg7 Bd5 54. Re7 a5 55. Re8 a4 56. Rb8+ Kc4 57. Rc8+ Kd4 58. Rc7 Rc3 0-1

[Event "NED-ch sf (Women)"]
[Site "Hilversum"]
[Date "2008.02.24"]
[Round "2.5"]
[White "Haast, Anne"]
[Black "Nagel, Yvette"]
[Result "1-0"]
[WhiteElo "2063"]
[BlackElo "1973"]
[PlyCount "47"]
[EventDate "2008.01.05"]
[EventType "k.o."]
[EventRounds "3"]
[EventCountry "NED"]
[SourceTitle "EXT 2010"]
[Source "ChessBase"]
[SourceDate "2010.11.25"]
[SourceVersion "1"]
[SourceVersionDate "2010.11.25"]
[SourceQuality "1"]

1. e4 c5 2. Nf3 e6 3. d4 cxd4 4. Nxd4 Nf6 5. Nc3 Bb4 6. e5 Nd5 7. Bd2 Nxc3 8. bxc3 Be7 9. Qg4 g6 10. h4 Nc6 11. Qg3 Qa5 12. Nxc6 dxc6 13. Bd3 Bd7 14. 0-0 0-0-0 15. Qe3 Bc5 16. Qe2 Qc7 17. a4 Be8 18. Rfb1 Bb6 19. a5 Bxa5 20. Ba6 Bb6 21. Be3 Qxe5 22. Bxb7+ Kxb7 23. Rxa7+ Kc8 24. Qa6+ 1-0

[Event "NED-ch sf (Women)"]
[Site "Hilversum"]
[Date "2008.01.06"]
[Round "1.2"]
[White "De Cloet, Jeanine"]
[Black "Nagel, Yvette"]
[Result "1/2-1/2"]
[WhiteElo "1842"]
[BlackElo "1973"]
[PlyCount "121"]
[EventDate "2008.01.05"]
[EventType "k.o."]
[EventRounds "3"]
[EventCountry "NED"]
[SourceTitle "CBM 122 Extra"]
[Source "ChessBase"]
[SourceDate "2008.03.04"]
[SourceVersion "1"]
[SourceVersionDate "2008.03.04"]
[SourceQuality "1"]

1. e4 c5 2. Nc3 Nc6 3. g3 e6 4. Bg2 Nge7 5. d3 d5 6. f4 dxe4 7. dxe4 Qxd1+ 8. Nxd1 b6 9. Ne3 Bb7 10. Bd2 0-0-0 11. 0-0-0 Ng6 12. Nf3 Be7 13. Bc3 Rhg8 14. h4 f6 15. Bh3 Nf8 16. f5 Nd4 17. Bxd4 cxd4 18. Nxd4 Bxe4 19. Rhe1 e5 20. Nb5 a6 21. Nc3 Bf3 22. Rxd8+ Bxd8 23. Ned5 Nd7 24. Re3 Bh1 25. Re1 Bf3 26. Ne4 Nc5 27. Nxc5 bxc5 28. Nc3 Ba5 29. Re3 Bc6 30. Bf1 Kb7 31. Ne4 Bb6 32. Nd6+ Kc7 33. Nc4 Bb5 34. b3 Rd8 35. a4 Bc6 36. c3 Rd7 37. g4 h6 38. Be2 Kb7 39. Bf3 Bc7 40. Kc2 Re7 41. Bxc6+ Kxc6 42. Nd2 Rd7 43. Rd3 Rxd3 44. Kxd3 Kd5 45. c4+ Kc6 46. Ne4 Bd8 47. Ke2 Be7 48. Nc3 Bd8 49. Ne4 Be7 50. Kf3 Kb6 51. Nc3 Kc6 52. Nd5 Bd8 53. Ke4 Kd6 54. Ne3 Ba5 55. Ng2 Bd2 56. Kd3 Ba5 57. h5 Kc6 58. Nh4 Bc7 59. Ke4 a5 60. Nf3 Bd6 61. Nd2 1/2-1/2

[Event "NED-ch sf (Women)"]
[Site "Hilversum"]
[Date "2008.01.05"]
[Round "1.1"]
[White "Nagel, Yvette"]
[Black "De Cloet, Jeanine"]
[Result "1-0"]
[WhiteElo "1973"]
[BlackElo "1842"]
[PlyCount "57"]
[EventDate "2008.01.05"]
[EventType "k.o."]
[EventRounds "3"]
[EventCountry "NED"]
[SourceTitle "CBM 122 Extra"]
[Source "ChessBase"]
[SourceDate "2008.03.04"]
[SourceVersion "1"]
[SourceVersionDate "2008.03.04"]
[SourceQuality "1"]

1. e4 c5 2. Nf3 e6 3. c3 Nf6 4. Bd3 d5 5. e5 Nfd7 6. 0-0 Nc6 7. Bb5 a6 8. Bxc6 bxc6 9. d3 Be7 10. Qa4 Qc7 11. Re1 c4 12. dxc4 Nb6 13. Qa5 Qb7 14. cxd5 cxd5 15. b3 Bd7 16. Ba3 Nc8 17. Nbd2 0-0 18. c4 Bc6 19. Nd4 Re8 20. Rac1 Bd8 21. Qc3 Bd7 22. Qf3 Bg5 23. Rc2 Ne7 24. cxd5 Nxd5 25. Ne4 Be7 26. Bxe7 Rxe7 27. Nd6 Qb4 28. Re4 f5 29. N4xf5 1-0

[Event "Hoogeveen Essent op"]
[Site "Hoogeveen"]
[Date "2004.10.18"]
[Round "4"]
[White "Nagel, Yvette"]
[Black "Ahlers, Ben"]
[Result "1/2-1/2"]
[WhiteElo "2051"]
[BlackElo "2223"]
[PlyCount "60"]
[EventDate "2004.10.15"]
[EventType "swiss"]
[EventRounds "9"]
[EventCountry "NED"]
[SourceTitle "CBM 102 Extra"]
[Source "ChessBase"]
[SourceDate "2004.11.03"]
[SourceVersion "1"]
[SourceVersionDate "2004.11.03"]
[SourceQuality "1"]

1. e4 e6 2. d4 d5 3. Nd2 Nf6 4. e5 Nfd7 5. f4 c5 6. c3 Nc6 7. Ndf3 Qb6 8. Ne2 Be7 9. g3 0-0 10. Bh3 cxd4 11. cxd4 f6 12. Bxe6+ Kh8 13. Bxd5 fxe5 14. fxe5 Ndxe5 15. dxe5 Nxe5 16. Nf4 Rxf4 17. Bxf4 Qb4+ 18. Ke2 Qb5+ 19. Kf2 Nd3+ 20. Kg2 Qxd5 21. Qb3 Qf5 22. Rhd1 Nxf4+ 23. gxf4 Qg4+ 24. Kh1 Be6 25. Qe3 Bc5 26. Qxc5 Qxf3+ 27. Kg1 Qg4+ 28. Kh1 Qf3+ 29. Kg1 Qg4+ 30. Kh1 Qf3+ 1/2-1/2

[Event "Dieren op"]
[Site "Dieren"]
[Date "2004.08.04"]
[Round "8"]
[White "Vogel, Jaap"]
[Black "Nagel, Yvette"]
[Result "1/2-1/2"]
[WhiteElo "2282"]
[BlackElo "2045"]
[PlyCount "63"]
[EventDate "2004.07.27"]
[EventType "swiss"]
[EventRounds "9"]
[EventCountry "NED"]
[SourceTitle "CBM 101 Extra"]
[Source "ChessBase"]
[SourceDate "2004.09.01"]
[SourceVersion "2"]
[SourceVersionDate "2004.09.01"]
[SourceQuality "1"]

1. Nf3 Nf6 2. g3 d5 3. Bg2 Bf5 4. c4 c6 5. b3 e6 6. Bb2 h6 7. 0-0 Nbd7 8. d3 Be7 9. Nbd2 Bh7 10. a3 a5 11. Bc3 0-0 12. b4 axb4 13. axb4 Qc7 14. Qb3 dxc4 15. dxc4 Ne4 16. Rxa8 Rxa8 17. Ra1 Rxa1+ 18. Bxa1 Qb6 19. Nxe4 Bxe4 20. Bc3 Bf6 21. Ne5 Nxe5 22. Bxe4 Ng4 23. Be1 Qd4 24. Qd3 Qa1 25. Qb1 Qd4 26. c5 Bg5 27. Qd3 Qa1 28. Qb1 Qd4 29. h4 Bd2 30. Bf3 Ne5 31. Bxd2 Nxf3+ 32. exf3 1/2-1/2

[Event "NED-ch sf (Women)"]
[Site "Leeuwarden"]
[Date "2004.03.14"]
[Round "2.2"]
[White "Nagel, Yvette"]
[Black "Van Weersel, Arlette"]
[Result "0-1"]
[WhiteElo "2056"]
[BlackElo "2150"]
[PlyCount "58"]
[EventDate "2004.02.28"]
[EventType "k.o."]
[EventRounds "3"]
[EventCountry "NED"]
[SourceTitle "EXT 2005"]
[Source "ChessBase"]
[SourceDate "2004.11.15"]
[SourceVersion "1"]
[SourceVersionDate "2004.11.15"]
[SourceQuality "1"]

1. e4 e5 2. Bc4 Nf6 3. d3 Be7 4. f4 d6 5. Nf3 Nc6 6. Bb5 exf4 7. Bxc6+ bxc6 8. 0-0 0-0 9. Bxf4 Rb8 10. Nbd2 c5 11. Rb1 Be6 12. b3 Nd7 13. d4 cxd4 14. Nxd4 Rb6 15. Be3 Ra6 16. Qe2 Rxa2 17. Ra1 Rxa1 18. Rxa1 Ne5 19. Nxe6 fxe6 20. Rxa7 Bf6 21. Nc4 Nc6 22. Ra4 Bd4 23. Nd2 Qf6 24. Nf3 Bxe3+ 25. Qxe3 Ne5 26. Ra2 Nxf3+ 27. gxf3 Qxf3 28. Qxf3 Rxf3 29. Kg2 Re3 0-1

[Event "Dieren op"]
[Site "Dieren"]
[Date "2003.07.31"]
[Round "9"]
[White "Nagel, Yvette"]
[Black "Hendriks, Richard V"]
[Result "1-0"]
[WhiteElo "2068"]
[BlackElo "2127"]
[PlyCount "58"]
[EventDate "2003.07.22"]
[EventType "swiss"]
[EventRounds "9"]
[EventCountry "NED"]
[SourceTitle "CBM 095 Extra"]
[Source "ChessBase"]
[SourceDate "2003.09.04"]
[SourceVersion "1"]
[SourceVersionDate "2003.09.04"]
[SourceQuality "1"]

1. e4 e5 2. Nf3 Nc6 3. d4 exd4 4. Bc4 Nf6 5. e5 Ng4 6. 0-0 Bc5 7. c3 d5 8. Bb5 dxc3 9. Nxc3 Be6 10. h3 Nh6 11. Bg5 Qd7 12. Na4 Be7 13. Bxe7 Qxe7 14. Rc1 0-0 15. Bxc6 bxc6 16. Rxc6 Rac8 17. Nc5 Rb8 18. Qd2 Rb6 19. Nxe6 fxe6 20. Rfc1 Rxc6 21. Rxc6 Nf5 22. Qc3 Nh4 23. Nd4 Qg5 24. Qg3 Qd2 25. Rxc7 Ng6 26. Nxe6 Qe1+ 27. Kh2 Rxf2 28. Rxg7+ Kh8 29. Rf7 Rxg2+ 1-0

[Event "Dieren op"]
[Site "Dieren"]
[Date "2003.07.28"]
[Round "6"]
[White "De Jong, Migchiel"]
[Black "Nagel, Yvette"]
[Result "1-0"]
[WhiteElo "2262"]
[BlackElo "2068"]
[PlyCount "101"]
[EventDate "2003.07.22"]
[EventType "swiss"]
[EventRounds "9"]
[EventCountry "NED"]
[SourceTitle "CBM 095 Extra"]
[Source "ChessBase"]
[SourceDate "2003.09.04"]
[SourceVersion "1"]
[SourceVersionDate "2003.09.04"]
[SourceQuality "1"]

1. e4 c5 2. Nf3 e6 3. d4 cxd4 4. Nxd4 Nf6 5. Nc3 Bb4 6. Bd2 Nc6 7. Nxc6 dxc6 8. e5 Nd7 9. Qg4 Qa5 10. f4 0-0 11. a3 f5 12. exf6 Nxf6 13. Qd1 Bxc3 14. Bxc3 Qd5 15. Qd4 c5 16. Qe5 Bd7 17. Rd1 Qxe5+ 18. Bxe5 Bc6 19. Bc4 Nd5 20. Bxd5 exd5 21. c3 Rae8 22. 0-0 Re6 23. Rf3 g6 24. Rg3 Rf5 25. h4 Kf7 26. Rdd3 h6 27. Rge3 Ke7 28. g4 Rf7 29. Kh2 Kd7 30. g5 hxg5 31. hxg5 Ree7 32. Rh3 Rh7 33. Rh6 Ke6 34. Rdh3 Rxh6 35. gxh6 Rh7 36. Bg7 Kf5 37. Kg3 Ke4 38. Rh2 d4 39. cxd4 cxd4 40. Kg4 Ke3 41. Rh3+ Ke4 42. Kg5 Be8 43. f5 gxf5 44. Rh4+ f4 45. Rxf4+ Kd5 46. Rxd4+ Kc6 47. Rf4 Kd5 48. Rf8 Ba4 49. Rc8 Bb5 50. Rc7 Ba6 51. Kg6 1-0

[Event "EU-ch (Women) 4th"]
[Site "Istanbul"]
[Date "2003.06.11"]
[Round "8"]
[White "Mar, Karmen"]
[Black "Nagel, Yvette"]
[Result "0-1"]
[WhiteElo "2236"]
[BlackElo "2068"]
[PlyCount "84"]
[EventDate "2003.06.02"]
[EventType "swiss"]
[EventRounds "11"]
[EventCountry "TUR"]
[SourceTitle "CBM 094 Extra"]
[Source "ChessBase"]
[SourceDate "2003.07.09"]
[SourceVersion "2"]
[SourceVersionDate "2003.07.09"]
[SourceQuality "1"]

1. e4 c5 2. Nf3 e6 3. c4 Nc6 4. Nc3 Nf6 5. Be2 d5 6. exd5 exd5 7. d3 d4 8. Nb1 Bd6 9. 0-0 0-0 10. Re1 h6 11. Nbd2 Re8 12. Nf1 Ne7 13. a3 a5 14. Bd2 b6 15. b4 axb4 16. axb4 Bd7 17. bxc5 bxc5 18. Ng3 Ng6 19. Qc1 Qc7 20. Bd1 Nf4 21. Bc2 Bg4 22. Rxe8+ Rxe8 23. Ba5 Qb7 24. Qd1 Nh3+ 25. Kf1 Ng5 26. h3 Nxh3 27. Ne4 Nxe4 28. dxe4 Ng5 29. Qd3 Nxe4 30. Re1 Nf6 31. Rxe8+ Nxe8 32. Qh7+ Kf8 33. Be4 Qd7 34. Nh4 Be5 35. Bd5 Be6 36. Bxe6 Qxe6 37. Nf5 f6 38. Bd8 Qxc4+ 39. Ke1 d3 40. Qh8+ Kf7 41. Nxh6+ gxh6 42. Qh7+ Ng7 0-1

[Event "EU-ch (Women) 4th"]
[Site "Istanbul"]
[Date "2003.06.08"]
[Round "7"]
[White "Milliet, Sophie"]
[Black "Nagel, Yvette"]
[Result "1-0"]
[WhiteElo "2240"]
[BlackElo "2068"]
[PlyCount "47"]
[EventDate "2003.06.02"]
[EventType "swiss"]
[EventRounds "11"]
[EventCountry "TUR"]
[SourceTitle "CBM 094 Extra"]
[Source "ChessBase"]
[SourceDate "2003.07.09"]
[SourceVersion "2"]
[SourceVersionDate "2003.07.09"]
[SourceQuality "1"]

1. e4 c5 2. Nc3 e6 3. f4 d5 4. Nf3 dxe4 5. Nxe4 Nf6 6. Bb5+ Bd7 7. Bxd7+ Nbxd7 8. d3 Be7 9. 0-0 0-0 10. a4 Qc7 11. Qe2 Nd5 12. g3 h6 13. Bd2 Rac8 14. b3 Qc6 15. Rae1 Rfe8 16. Ne5 Qc7 17. Nxf7 Kxf7 18. Ng5+ hxg5 19. Qxe6+ Kf8 20. fxg5+ N5f6 21. g6 Ne5 22. Rxe5 Bd6 23. Rxf6+ gxf6 24. Bh6+ 1-0

[Event "EU-ch (Women) 4th"]
[Site "Istanbul"]
[Date "2003.06.05"]
[Round "4"]
[White "Papadopoulou, Vera"]
[Black "Nagel, Yvette"]
[Result "1-0"]
[WhiteElo "2230"]
[BlackElo "2068"]
[PlyCount "109"]
[EventDate "2003.06.02"]
[EventType "swiss"]
[EventRounds "11"]
[EventCountry "TUR"]
[SourceTitle "CBM 094 Extra"]
[Source "ChessBase"]
[SourceDate "2003.07.09"]
[SourceVersion "2"]
[SourceVersionDate "2003.07.09"]
[SourceQuality "1"]

1. d4 Nf6 2. Nf3 b6 3. g3 Bb7 4. Bg2 e6 5. c4 Bb4+ 6. Bd2 Be7 7. Nc3 0-0 8. 0-0 c5 9. Rc1 cxd4 10. Nxd4 Bxg2 11. Kxg2 Nc6 12. Nf3 Rc8 13. e4 d5 14. cxd5 exd5 15. e5 Ne4 16. Be3 Nxc3 17. Rxc3 Qd7 18. a3 Na5 19. Rd3 Rfd8 20. Bd4 Nc4 21. Re1 Qe6 22. Bc3 Rd7 23. Nd4 Qg6 24. f4 Bc5 25. f5 Qh6 26. Nc2 d4 27. b4 Bf8 28. Nxd4 Rcd8 29. Qf3 Rd5 30. Qf4 Qxf4 31. gxf4 Nxa3 32. Rg3 Rxd4 33. Bxd4 Nc2 34. Bf2 Nxe1+ 35. Bxe1 Rd4 36. Ra3 a5 37. Kf3 Bxb4 38. Bxb4 Rxb4 39. Kg4 b5 40. Rxa5 Kf8 41. Ra8+ Ke7 42. Ra7+ Kf8 43. Rb7 Rb1 44. h4 b4 45. f6 gxf6 46. exf6 Ke8 47. Kg5 b3 48. Kh6 b2 49. h5 Rf1 50. Rxb2 Rxf4 51. Rb8+ Kd7 52. Kg7 Ke6 53. Rb6+ Kf5 54. Kxf7 Rh4 55. Kg7 1-0

[Event "Novi Sad op"]
[Site "Novi Sad"]
[Date "1989.??.??"]
[Round "7"]
[White "Nagel, Yvette"]
[Black "Parezanin, Darko"]
[Result "1-0"]
[WhiteElo "2085"]
[BlackElo "2255"]
[PlyCount "39"]
[EventDate "1989.??.??"]
[EventType "swiss"]
[EventRounds "9"]
[EventCountry "YUG"]
[SourceTitle "EXT 2000"]
[Source "ChessBase"]
[SourceDate "1999.11.16"]
[SourceVersion "1"]
[SourceVersionDate "1999.11.16"]
[SourceQuality "1"]

1. e4 c5 2. c3 Nf6 3. e5 Nd5 4. d4 cxd4 5. cxd4 e6 6. Nf3 b6 7. Bd3 Bb7 8. 0-0 f5 9. exf6 Nxf6 10. Bg5 Be7 11. Ne5 0-0 12. Bxf6 Rxf6 13. Qh5 g6 14. Qe2 Nc6 15. Nxc6 Bxc6 16. Nc3 Rf4 17. d5 exd5 18. Qe5 Qf8 19. Nxd5 Bc5 20. Nxf4 1-0